000 00716nam a2200217Ii 4500
003 JO-AjNU
008 230605s9999||||xx |||||||||||||| ||und||
017 _a2000/12/3231
040 _aJO-AjNU
_bara
_erda
_cJO-AjNU
041 _aara
050 1 4 _aBF76.2001
100 3 _aالقاسم، بديع محمود مبارك,
_eauthor
_927815
245 0 0 _aعلم النفس المهني بين النظرية والتطبيق
250 _aط1
264 3 1 _aعمان:مؤسسة الوراق للنشر والتوزيع ،2001
300 _a251ص
336 _atext
_btxt
_2rdacontent
337 _aunmediated
_bn
_2rdamedia
338 _avolume
_bnc
_2rdacarrier
650 4 _aعلم النفس المهني
_927816
999 _aA10714
_c14282
_d14282